| 000 | 00715nam a22002657a 4500 | ||
|---|---|---|---|
| 003 | CHAP | ||
| 005 | 20220329133654.0 | ||
| 008 | 971013s r 00010 d | ||
| 010 | _a9308 | ||
| 011 | _a10280 | ||
| 035 | _a9517 | ||
| 040 | _cCHAP | ||
| 090 | _aR-1234 | ||
| 100 | 0 | 0 |
_aAbraham, K. O. _9297 |
| 245 | 1 | _aFruit flavours | |
| 500 | _aSobretiro de : Indian Food Packer 31(4): 13-23, 1972 | ||
| 590 |
_aBATCH-UPD _b10 _c20130110 _lUCH01 _h2003 |
||
| 590 |
_aCONVERSION _b10 _c20130109 _lUCH01 _h1306 |
||
| 650 | 1 | 4 |
_aFruta _xSabor. _943658 |
| 700 | 0 |
_aNataranjan, C. P. _980286 |
|
| 700 | 0 |
_aSastry, L. V. L. _9102694 |
|
| 901 | _aBK | ||
| 942 | _cREIMP | ||
| 949 |
_aR-1234 _bBC _cR _d-20263 _eTS1 _i9517 _si |
||
| 999 |
_c9308 _d9308 |
||